[Event "Thessaloniki-Chalkidiki-chT B local"]
[Site "Thessaloniki"]
[Date "2019.03.03"]
[Round "7.4"]
[White "Stefanidis, Evgenios"]
[Black "Dermatopoulos, Alexandros"]
[Result "0-1"]
[WhiteElo "1189"]
[BlackElo "1828"]
[PlyCount "62"]
[EventDate "2019.01.13"]
[EventType "team-swiss"]
[EventRounds "9"]
[EventCountry "GRE"]
[SourceTitle "EXT 2020"]
[Source "ChessBase"]
[SourceDate "2019.10.17"]
[SourceVersion "1"]
[SourceVersionDate "2019.10.17"]
[SourceQuality "1"]

1. b4 d5 2. Bb2 Nf6 3. e3 Bg4 4. Be2 Bxe2 5. Qxe2 c6 6. Nf3 e6 7. a3 Nbd7 8. 0-0 Bd6 9. d3 0-0 10. Nbd2 a5 11. bxa5 Rxa5 12. c4 Re8 13. d4 Qb8 14. e4 Nxe4 15. Nxe4 dxe4 16. Qxe4 Nf6 17. Qd3 Rh5 18. h3 Rd8 19. Qe2 Rh6 20. Bc1 Rh5 21. Bb2 Rf5 22. g4 Rf4 23. Bc1 Re4 24. Qd3 h6 25. Be3 Bc5 26. Nd2 Nxg4 27. hxg4 Rxg4+ 28. Kh1 Bxd4 29. Bxd4 Rgxd4 30. Nf3 Rxd3 31. Kg2 Qf4 0-1

[Event "Kavala op-A 21st"]
[Site "Kavala"]
[Date "2012.07.31"]
[Round "8"]
[White "Aznaouridis, Sokratis Panagiot"]
[Black "Dermatopoulos, Alexandros"]
[Result "1-0"]
[WhiteElo "1961"]
[BlackElo "1806"]
[PlyCount "112"]
[EventDate "2012.07.25"]
[EventType "swiss"]
[EventRounds "9"]
[EventCountry "GRE"]
[SourceTitle "EXT 2024"]
[Source "ChessBase"]
[SourceDate "2023.10.10"]
[SourceVersion "1"]
[SourceVersionDate "2023.10.10"]
[SourceQuality "1"]

1. d4 f5 2. c4 Nf6 3. Nc3 e6 4. g3 Be7 5. Bg2 d5 6. Bf4 c6 7. Nf3 0-0 8. 0-0 Ne4 9. Bxb8 Rxb8 10. Ne5 Bf6 11. f4 Bd7 12. Bxe4 fxe4 13. c5 Bxe5 14. fxe5 Qg5 15. Qc1 Rxf1+ 16. Kxf1 Rf8+ 17. Kg2 Qf5 18. Qe3 Be8 19. Re1 g5 20. Nd1 h6 21. h3 Kg7 22. Nf2 h5 23. h4 g4 24. Nd1 b6 25. cxb6 axb6 26. b4 Rf7 27. Nc3 c5 28. a3 Kg6 29. Nb1 cxd4 30. Qxd4 Kg7 31. Nd2 Qg6 32. Qxb6 Qh6 33. Nf1 Rd7 34. Qd4 Qh8 35. Nd2 Rf7 36. Rf1 Qf8 37. Qe3 Rf5 38. Rxf5 exf5 39. Qd4 Bc6 40. e3 Kf7 41. Nb3 Qa8 42. Na5 Qa6 43. Kf2 Ke6 44. Nxc6 Qxc6 45. Qc5 Qa6 46. Qd6+ Qxd6 47. exd6 Kxd6 48. Ke2 Kc6 49. a4 Kd6 50. Kd2 Ke5 51. a5 Kd6 52. a6 Kc6 53. b5+ Kb6 54. Kc3 Ka7 55. Kd4 Kb6 56. Ke5 Ka7 1-0